| 000 | 00330nam a22001217a 4500 | ||
|---|---|---|---|
| 008 | 230620b xxu||||| |||| 00| 0 eng d | ||
| 082 |
_a324.6 _bSAD |
||
| 100 | _cSADC | ||
| 245 |
_aSADC PARLIAMENTARY FORUM _bElection Observation Mission Mission Report 2000 |
||
| 260 |
_aSouth Africa _bSADC _c2004 |
||
| 300 | _a36P | ||
| 942 |
_2ddc _cBK |
||
| 999 |
_c1750 _d1750 |
||